Normal view
MARC view
- Clear James
Entry Personal Name
001 - CONTROL NUMBER
- control field: 134441
003 - CONTROL NUMBER IDENTIFIER
- control field: NUST
005 - DATE AND TIME OF LATEST TRANSACTION
- control field: 20260513153735.0
008 - FIXED-LENGTH DATA ELEMENTS
- fixed length control field: 260513|| aca||aabn | a|a d
040 ## - CATALOGING SOURCE
- Original cataloging agency: NUST
- Transcribing agency: NUST
100 ## - HEADING--PERSONAL NAME
- Personal name: Clear James
670 ## - SOURCE DATA FOUND
- Source citation: Work cat.: (NUST): Clear James, Atomic habits:, 2018
